[Event "Mittelfrank Regionalliga Nord-Ost 2122"]
[Site "Mittelfranken"]
[Date "2021.11.14"]
[Round "2.6"]
[White "Kalous, Miroslav"]
[Black "Liemann, Michael"]
[Result "1/2-1/2"]
[WhiteElo "1983"]
[BlackElo "2000"]
[PlyCount "62"]
[EventDate "2021.10.24"]
[EventType "team-tourn"]
[EventRounds "9"]
[EventCountry "GER"]
[SourceTitle "EXT 2024"]
[Source "ChessBase"]
[SourceDate "2023.10.10"]
[SourceVersion "1"]
[SourceVersionDate "2023.10.10"]
[SourceQuality "1"]
[WhiteTeam "Windischeschenbach"]
[BlackTeam "Forchheim SC"]
[WhiteTeamCountry "GER"]
[BlackTeamCountry "GER"]

1. d4 d5 2. Nf3 Nf6 3. g3 e6 4. Bg2 Be7 5. 0-0 0-0 6. c4 c6 7. Nbd2 b6 8. b3 Bb7 9. Bb2 a5 10. a3 Na6 11. Re1 c5 12. cxd5 exd5 13. e3 Re8 14. Ne5 Nd7 15. f4 cxd4 16. exd4 Nxe5 17. fxe5 Nc7 18. Nc4 Ne6 19. Ne3 g6 20. h4 f5 21. Qf3 Kf8 22. Bh3 Qd7 23. Ng2 Rac8 24. Re2 Rc7 25. Rf2 Ng7 26. Nf4 Rec8 27. a4 Rc2 28. Bf1 Rxf2 29. Qxf2 Ne6 30. Bb5 Bc6 31. Ba6 Rc7 1/2-1/2

[Event "Regionalliga Nord-Ost 1718"]
[Site "Bayern"]
[Date "2017.11.26"]
[Round "3.3"]
[White "Kalous, Miroslav"]
[Black "Ter Akopyan, Bagrat"]
[Result "0-1"]
[WhiteElo "1995"]
[BlackElo "1977"]
[PlyCount "57"]
[EventDate "2017.10.22"]
[EventType "team-tourn"]
[EventRounds "9"]
[EventCountry "GER"]
[SourceTitle "EXT 2022"]
[Source "ChessBase"]
[SourceDate "2021.10.06"]
[SourceVersion "1"]
[SourceVersionDate "2021.10.06"]
[SourceQuality "1"]
[WhiteTeam "Windischeschenbach"]
[BlackTeam "Herzogenaurach II"]
[WhiteTeamCountry "GER"]
[BlackTeamCountry "GER"]

1. d4 Nf6 2. Nf3 g6 3. g3 Bg7 4. Bg2 0-0 5. 0-0 d6 6. b3 c6 7. Bb2 Qa5 8. h3 Ne4 9. Nfd2 f5 10. Nxe4 fxe4 11. e3 d5 12. Nd2 Nd7 13. f3 exf3 14. Rxf3 Nf6 15. Qe2 Bf5 16. c4 h5 17. a4 Rad8 18. Rc1 Nh7 19. Rf2 Nf6 20. Ba3 Rf7 21. Qe1 Re8 22. Nf1 Qd8 23. cxd5 cxd5 24. Bb2 Ne4 25. Bxe4 Bxe4 26. Rxf7 Kxf7 27. Qc3 Qd7 28. Kh2 Qf5 29. Qd2 0-1

[Event "Regionalliga NO 1617"]
[Site "Bayern"]
[Date "2017.04.30"]
[Round "9.6"]
[White "Kalous, Miroslav"]
[Black "Petrov, Mikhail1111"]
[Result "1-0"]
[WhiteElo "1966"]
[BlackElo "1913"]
[PlyCount "43"]
[EventDate "2016.10.16"]
[EventType "team-tourn"]
[EventRounds "9"]
[EventCountry "GER"]
[SourceTitle "EXT 2019"]
[Source "ChessBase"]
[SourceDate "2018.10.10"]
[SourceVersion "1"]
[SourceVersionDate "2018.10.10"]
[SourceQuality "1"]
[WhiteTeam "Windischeschenbach"]
[BlackTeam "Nuernberg Sued SW II"]
[WhiteTeamCountry "GER"]
[BlackTeamCountry "GER"]

1. d4 Nf6 2. Nf3 d5 3. g3 Bf5 4. Bg2 e6 5. 0-0 Bd6 6. Nbd2 Nbd7 7. c4 c6 8. b3 0-0 9. Bb2 Qb8 10. Re1 b5 11. c5 Bc7 12. a4 h6 13. axb5 Qxb5 14. Bf1 Qb8 15. Ra6 Qb7 16. Qa1 Bc2 17. Qa2 e5 18. Ra1 Bb8 19. e3 e4 20. Ne1 Qb4 21. Bc1 Qc3 22. Qxc2 1-0

[Event "CZE-chT2A 1617"]
[Site "Czech Republic"]
[Date "2017.02.26"]
[Round "9.8"]
[White "Kalous, Miroslav"]
[Black "Tichy, Lukas"]
[Result "1/2-1/2"]
[WhiteElo "1954"]
[BlackElo "1941"]
[PlyCount "23"]
[EventDate "2016.10.09"]
[EventType "team-tourn"]
[EventRounds "11"]
[EventCountry "CZE"]
[SourceTitle "EXT 2022"]
[Source "ChessBase"]
[SourceDate "2021.10.06"]
[SourceVersion "1"]
[SourceVersionDate "2021.10.06"]
[SourceQuality "1"]
[WhiteTeam "Praha Bohemians II"]
[BlackTeam "Podborany"]
[WhiteTeamCountry "CZE"]
[BlackTeamCountry "CZE"]

1. d4 Nf6 2. Nf3 g6 3. e3 Bg7 4. b3 b6 5. Bb2 Bb7 6. Be2 0-0 7. 0-0 c5 8. c4 cxd4 9. exd4 d5 10. Re1 Nc6 11. Nc3 Rc8 12. Qd2 1/2-1/2

[Event "CZE-chT2C 1213"]
[Site "Czech Republic"]
[Date "2013.01.20"]
[Round "7.8"]
[White "Jelinek, Michal"]
[Black "Kalous, Miroslav"]
[Result "0-1"]
[WhiteElo "1716"]
[BlackElo "2091"]
[PlyCount "84"]
[EventDate "2012.10.14"]
[EventType "team-tourn"]
[EventRounds "11"]
[EventCountry "CZE"]
[SourceTitle "EXT 2015"]
[Source "ChessBase"]
[SourceDate "2014.11.20"]
[SourceVersion "1"]
[SourceVersionDate "2014.11.20"]
[SourceQuality "1"]
[WhiteTeam "Praha Oaza"]
[BlackTeam "Praha Bohemians II"]
[WhiteTeamCountry "CZE"]
[BlackTeamCountry "CZE"]

1. e4 e6 2. d4 d5 3. Nc3 Bb4 4. e5 Ne7 5. a3 Bxc3+ 6. bxc3 b6 7. Qg4 Ng6 8. Bd3 Ba6 9. Nf3 Qc8 10. 0-0 Bxd3 11. cxd3 Qa6 12. Rd1 Qa4 13. Bb2 Nc6 14. Qg3 Nce7 15. Nh4 0-0-0 16. Nxg6 hxg6 17. Qf3 Rdf8 18. Rdc1 Rh4 19. g3 Rh3 20. Kg2 Rfh8 21. Qxf7 Rxh2+ 22. Kg1 Kd7 23. Rab1 Qb3 24. Qf4 R2h5 25. Qd2 Nf5 26. Qf4 g5 27. Qd2 g4 28. Kf1 Nxg3+ 29. Kg2 Nf5 30. Rh1 Nh4+ 31. Rxh4 Rxh4 32. Re1 Rh3 33. Re2 Qb5 34. Re3 Rh1 35. Kg3 R8h4 36. Kf4 Ke7 37. Rg3 Qe8 38. Ke3 Qf7 39. a4 g5 40. Ba3+ Kd8 41. Ke2 Qf4 42. Qe3 Ra1 0-1

[Event "Regionalliga NO 1112"]
[Site "Bayern"]
[Date "2011.11.20"]
[Round "3.4"]
[White "Martin Fernandez, Rodrigo"]
[Black "Kalous, Miroslav"]
[Result "0-1"]
[WhiteElo "2118"]
[BlackElo "2035"]
[PlyCount "96"]
[EventDate "2011.10.02"]
[EventType "team-tourn"]
[EventRounds "9"]
[EventCountry "GER"]
[SourceTitle "EXT 2013"]
[Source "ChessBase"]
[SourceDate "2012.11.22"]
[SourceVersion "1"]
[SourceVersionDate "2012.11.22"]
[SourceQuality "1"]
[WhiteTeam "Erlangen"]
[BlackTeam "Windischeschenbach"]
[WhiteTeamCountry "GER"]
[BlackTeamCountry "GER"]

1. d4 Nf6 2. c4 e6 3. Nc3 Bb4 4. e3 b6 5. Bd3 Bb7 6. Nf3 Ne4 7. 0-0 Bxc3 8. bxc3 f5 9. Qc2 0-0 10. Nd2 Qh4 11. f3 Nxd2 12. Bxd2 d6 13. Rae1 Nd7 14. e4 f4 15. Qa4 Qe7 16. Rd1 c5 17. Be1 e5 18. Be2 Nb8 19. Bf2 Bc6 20. Qc2 Bd7 21. Rd2 Be6 22. Rfd1 Kh8 23. dxc5 dxc5 24. Qa4 Bf7 25. Rd6 Be8 26. Qa3 Nc6 27. R1d2 Rc8 28. Bd1 Na5 29. Bb3 Qg5 30. Qc1 Bf7 31. Qf1 h6 32. Rd7 Rcd8 33. R2d6 Rxd7 34. Rxd7 Be6 35. Rxa7 Rd8 36. Be1 Bh3 37. Kh1 Be6 38. Qe2 Rd6 39. Ra8+ Kh7 40. Rb8 Qe7 41. Kg1 Qf7 42. Qb2 Bxc4 43. Bxc4 Qxc4 44. Kf2 Qd3 45. Qe2 Qb1 46. a3 Rd3 47. Rxb6 Qxb6 48. Qxd3 c4+ 0-1

[Event "Regionalliga NO 1112"]
[Site "Bayern"]
[Date "2011.10.23"]
[Round "2.3"]
[White "Lutz, Rainer"]
[Black "Kalous, Miroslav"]
[Result "0-1"]
[WhiteElo "1863"]
[BlackElo "2035"]
[PlyCount "65"]
[EventDate "2011.10.02"]
[EventType "team-tourn"]
[EventRounds "9"]
[EventCountry "GER"]
[SourceTitle "EXT 2013"]
[Source "ChessBase"]
[SourceDate "2012.11.22"]
[SourceVersion "1"]
[SourceVersionDate "2012.11.22"]
[SourceQuality "1"]
[WhiteTeam "Bechhofen"]
[BlackTeam "Windischeschenbach"]
[WhiteTeamCountry "GER"]
[BlackTeamCountry "GER"]

1. c4 e6 2. d4 Nf6 3. Nc3 Bb4 4. Bd2 b6 5. Qc2 Bb7 6. f3 Nh5 7. Nh3 f5 8. Bg5 Nf6 9. 0-0-0 0-0 10. Nf2 a5 11. e4 Bxc3 12. bxc3 fxe4 13. Nxe4 Bxe4 14. fxe4 Qe7 15. Bxf6 Rxf6 16. e5 Rh6 17. Bd3 Nc6 18. Be4 Rf8 19. h3 Rh4 20. Rhf1 g6 21. Rf3 Qg5+ 22. Kb1 Ne7 23. Rxf8+ Kxf8 24. Rf1+ Rf4 25. Qe2 Kg7 26. Kc2 Nf5 27. Qd2 Qg3 28. Rxf4 Ne3+ 29. Kb3 a4+ 30. Kxa4 Qxf4 31. Qd3 Qf2 32. Kb4 c5+ 33. dxc5 0-1

[Event "Regionalliga NO 0910"]
[Site "Bayern"]
[Date "2010.04.11"]
[Round "9.3"]
[White "Kalous, Miroslav"]
[Black "Hofer, Markus"]
[Result "0-1"]
[WhiteElo "2055"]
[BlackElo "2075"]
[PlyCount "80"]
[EventDate "2009.10.18"]
[EventType "team-tourn"]
[EventRounds "9"]
[EventCountry "GER"]
[SourceTitle "EXT 2011"]
[Source "ChessBase"]
[SourceDate "2010.11.26"]
[SourceVersion "1"]
[SourceVersionDate "2010.11.26"]
[SourceQuality "1"]
[WhiteTeam "Windischeschenbach"]
[BlackTeam "Buechenbach/Roth"]
[WhiteTeamCountry "GER"]
[BlackTeamCountry "GER"]

1. d4 d5 2. Nf3 Nf6 3. e3 Bf5 4. Nbd2 e6 5. b3 Bd6 6. Bb2 Nbd7 7. Be2 c6 8. Ne5 Qc7 9. f4 Ne4 10. Nxe4 Bxe4 11. Bf3 Nf6 12. 0-0 Bxf3 13. Nxf3 Ne4 14. a4 Qe7 15. Qc1 h6 16. Nd2 Nxd2 17. Qxd2 f5 18. Qe2 g5 19. c4 a5 20. Bc3 g4 21. Qd2 0-0 22. Bxa5 Rxa5 23. Qxa5 Bb4 24. Qb6 Ra8 25. a5 Ra6 26. c5 Bd2 27. Kf2 Rxb6 28. axb6 Qh4+ 29. Ke2 Bc3 30. Ra8+ Kf7 31. Rb8 Qxh2 32. Rxb7+ Kf6 33. Rd7 Qxg2+ 34. Rf2 Qh1 35. Rf1 Qe4 36. Kf2 Qf3+ 37. Kg1 Qxe3+ 38. Kh1 Qh3+ 39. Kg1 Bxd4+ 40. Rf2 Qg3+ 0-1

[Event "Regionalliga NO 0910"]
[Site "Bayern"]
[Date "2010.03.21"]
[Round "8.2"]
[White "Kalous, Miroslav"]
[Black "Beyerlein, Andreas"]
[Result "1-0"]
[WhiteElo "2055"]
[BlackElo "1981"]
[PlyCount "67"]
[EventDate "2009.10.18"]
[EventType "team-tourn"]
[EventRounds "9"]
[EventCountry "GER"]
[SourceTitle "EXT 2011"]
[Source "ChessBase"]
[SourceDate "2010.11.26"]
[SourceVersion "1"]
[SourceVersionDate "2010.11.26"]
[SourceQuality "1"]
[WhiteTeam "Windischeschenbach"]
[BlackTeam "Amberg Siemens"]
[WhiteTeamCountry "GER"]
[BlackTeamCountry "GER"]

1. d4 d5 2. Nf3 Nc6 3. Bf4 Bg4 4. e3 e6 5. Be2 Bd6 6. Bg3 Nf6 7. Nbd2 Bxg3 8. hxg3 Qd6 9. c3 0-0 10. Qa4 e5 11. dxe5 Nxe5 12. Nxe5 Bxe2 13. Kxe2 Qxe5 14. Rh4 Rfe8 15. Rah1 Rad8 16. Nf3 Qf5 17. g4 Qg6 18. g5 Ne4 19. Rh5 Nc5 20. Qd1 Qa6+ 21. Ke1 Nd3+ 22. Kd2 Nxf2 23. Qc2 Nxh1 24. Qxh7+ Kf8 25. Rxh1 Qg6 26. Qh2 Qb6 27. Kc2 Rxe3 28. Nd4 Qg6+ 29. Kb3 c5 30. Qc7 c4+ 31. Kb4 a5+ 32. Kc5 b6+ 33. Kb5 Ree8 34. Rh8# 1-0

[Event "Regionalliga NO 0910"]
[Site "Bayern"]
[Date "2010.02.28"]
[Round "7.3"]
[White "Kalous, Miroslav"]
[Black "Bachstein, Dustin"]
[Result "1-0"]
[WhiteElo "2055"]
[BlackElo "2063"]
[PlyCount "85"]
[EventDate "2009.10.18"]
[EventType "team-tourn"]
[EventRounds "9"]
[EventCountry "GER"]
[SourceTitle "EXT 2011"]
[Source "ChessBase"]
[SourceDate "2010.11.26"]
[SourceVersion "1"]
[SourceVersionDate "2010.11.26"]
[SourceQuality "1"]
[WhiteTeam "Windischeschenbach"]
[BlackTeam "Erlangen"]
[WhiteTeamCountry "GER"]
[BlackTeamCountry "GER"]

1. d4 Nf6 2. Nf3 g6 3. Bf4 Bg7 4. e3 d6 5. h3 0-0 6. Nbd2 Re8 7. Bc4 Nc6 8. 0-0 a6 9. a4 h6 10. Bh2 d5 11. Be2 b6 12. Ne5 Bb7 13. f4 e6 14. c3 Ne7 15. g4 c5 16. Bg3 cxd4 17. exd4 Ne4 18. Nxe4 dxe4 19. Bh4 Qc7 20. Qe1 Bd5 21. Bxe7 Rxe7 22. c4 Bb7 23. Qb4 Bxe5 24. fxe5 Rd8 25. Qc3 Red7 26. Rad1 Qc6 27. Qe3 Kg7 28. b3 Ba8 29. h4 Qc7 30. h5 g5 31. Rf6 Rxd4 32. Rxd4 Qc5 33. Qf2 Qxd4 34. Rxf7+ Kg8 35. Rf8+ Kg7 36. Rf7+ Kg8 37. Rf8+ Kg7 38. Qxd4 Rxd4 39. Rxa8 Rd2 40. Kf2 Rb2 41. Ra7+ Kh8 42. Rb7 Rxb3 43. c5 1-0